| 000 | 00445pam a2200169 a 4500 | ||
|---|---|---|---|
| 020 | _a0070572348 (acidfree paper) | ||
| 040 | _cDLC | ||
| 082 | 0 | 0 | _a301 MCG 1997 A021 Or. |
| 100 | 1 | _aSchaefer, Richard T | |
| 245 | 1 | 0 | _aSociology--a brief introduction / |
| 250 | _a2nd ed | ||
| 260 |
_aNew York : _bMcGraw-Hill Companies, _cc1997 |
||
| 300 |
_axix, 444 p. : _bill. ; _c26 cm |
||
| 650 | 0 | _aSociology | |
| 700 | 1 | _aLamm, Robert P | |
| 942 | _cEK | ||
| 999 |
_c12652 _d12652 |
||